Études sur les provinces du Levant de l'Espagne, au point de vue de la recherche et de l'amenagement des eaux / (Record no. 189283)

MARC details
000 -LEADER
campo de control de longitud fija 00939nam a2200181 i 4500
001 - NÚMERO DE CONTROL
campo de control 189283
003 - IDENTIFICADOR DE NÚMERO DE CONTROL
campo de control ES-MaACL
005 - FECHA Y HORA DE LA ÚLTIMA TRANSACCIÓN
campo de control 20230906223434.0
008 - DATOS DE LONGITUD FIJA--INFORMACIÓN GENERAL
campo de control de longitud fija 190521s1863 fr |||| | fre d
100 1# - ENTRADA PRINCIPAL--NOMBRE DE PERSONA
Nombre de persona Laurent, Charles-Auguste.
9 (RLIN) 70625
245 10 - MENCIÓN DEL TÍTULO
Título Études sur les provinces du Levant de l'Espagne, au point de vue de la recherche et de l'amenagement des eaux /
Mención de responsabilidad, etc. par Charles Laurent.
260 ## - PUBLICACIÓN, DISTRIBUCIÓN, ETC.
Lugar de publicación, distribución, etc. Saint-Nicolas :
Nombre del editor, distribuidor, etc. [s.n.],
Fecha de publicación, distribución, etc. 1863 (
Fabricante Imp. de P. Trenel)
300 ## - DESCRIPCIÓN FÍSICA
Extensión 79 p., [1] h. pleg. de mapa ;
Dimensiones 21 cm.
595 ## -
-- Extrait de l'Annuaire 1863 de la Société des anciens élèves des écoles impériales d'arts et métiers.
650 #4 - PUNTO DE ACCESO ADICIONAL DE MATERIA--TÉRMINO DE MATERIA
Término de materia o nombre geográfico como elemento de entrada Gestión del agua-
Subdivisión geográfica España.
9 (RLIN) 172932
650 #4 - PUNTO DE ACCESO ADICIONAL DE MATERIA--TÉRMINO DE MATERIA
Término de materia o nombre geográfico como elemento de entrada Hidrología-
Subdivisión geográfica España.
9 (RLIN) 13340
852 ## - LOCALIZACIÓN
Ubicación ES-MaACL
Número de control de estantería B-8925(11)
Nota libre - Legado de Federico de Botella y de Hornos
-- - Encuadernado en un vol. facticio agrupado con el nombre en el lomo: España, geología, memorias y documentos varios 9 a 19
Holdings
Estatus retirado Estado de pérdida Estado de daño No para préstamo Colección Biblioteca de origen Biblioteca actual Ubicación en estantería Fecha de adquisición Fuente de adquisición Total de préstamos Signatura topográfica completa Código de barras Visto por última vez Precio de reemplazo Tipo de ítem Koha
        Libros del s. XIX Biblioteca del Ateneo de Madrid Biblioteca del Ateneo de Madrid Sala Pardo Bazán 21/05/2019     B-8925(11) 1200547 23/02/2023 23/02/2023 Libro impreso antiguo